| 000 -LEADER |
| fixed length control field |
01685cam a22004097a 4500 |
| 001 - CONTROL NUMBER |
| control field |
13885820 |
| 003 - CONTROL NUMBER IDENTIFIER |
| control field |
NUST |
| 005 - DATE AND TIME OF LATEST TRANSACTION |
| control field |
20170601131901.0 |
| 008 - FIXED-LENGTH DATA ELEMENTS--GENERAL INFORMATION |
| fixed length control field |
050301s2006 nyua b 000 0 eng |
| 010 ## - LIBRARY OF CONGRESS CONTROL NUMBER |
| LC control number |
2005923268 |
| 015 ## - NATIONAL BIBLIOGRAPHY NUMBER |
| National bibliography number |
GBA4Y2487 |
| Source |
bnb |
| 016 7# - NATIONAL BIBLIOGRAPHIC AGENCY CONTROL NUMBER |
| Record control number |
010977160 |
| Source |
Uk |
| 016 7# - NATIONAL BIBLIOGRAPHIC AGENCY CONTROL NUMBER |
| Record control number |
038720220x |
| Source |
Uk |
| 020 ## - INTERNATIONAL STANDARD BOOK NUMBER |
| International Standard Book Number |
038720220X |
| 020 ## - INTERNATIONAL STANDARD BOOK NUMBER |
| International Standard Book Number |
9780387202204 |
| 035 ## - SYSTEM CONTROL NUMBER |
| System control number |
(OCoLC)ocm56454488 |
| 040 ## - CATALOGING SOURCE |
| Original cataloging agency |
UKM |
| Transcribing agency |
UKM |
| Modifying agency |
OCLCQ |
| -- |
BAKER |
| -- |
C#P |
| -- |
OHX |
| -- |
VP@ |
| -- |
NLGGC |
| -- |
YBM |
| -- |
LVB |
| -- |
YDXCP |
| -- |
GZM |
| -- |
DLC |
| 042 ## - AUTHENTICATION CODE |
| Authentication code |
lccopycat |
| 050 00 - LIBRARY OF CONGRESS CALL NUMBER |
| Classification number |
QA247.5 |
| Item number |
.F536 2006 |
| 082 04 - DEWEY DECIMAL CLASSIFICATION NUMBER |
| Classification number |
512.786 |
| Edition number |
22 |
| 084 ## - OTHER CLASSIFICATION NUMBER |
| Classification number |
31.00 |
| Number source |
bcl |
| 100 1# - MAIN ENTRY--PERSONAL NAME |
| Personal name |
Flannery, David, |
| Dates associated with a name |
1952- |
| 9 (RLIN) |
1824 |
| 245 14 - TITLE STATEMENT |
| Title |
The square root of 2 : |
| Remainder of title |
a dialogue concerning a number and a sequence / |
| Statement of responsibility, etc. |
David Flannery. |
| 246 3# - VARYING FORM OF TITLE |
| Title proper/short title |
Square root of two |
| 260 ## - PUBLICATION, DISTRIBUTION, ETC. |
| Place of publication, distribution, etc. |
New York : |
| Name of publisher, distributor, etc. |
Copernicus ; |
| Place of publication, distribution, etc. |
[Chichester, England] : |
| Name of publisher, distributor, etc. |
Praxis, |
| Date of publication, distribution, etc. |
c2006. |
| 300 ## - PHYSICAL DESCRIPTION |
| Extent |
x, 256 p. : |
| Other physical details |
ill. ; |
| Dimensions |
25 cm. |
| 504 ## - BIBLIOGRAPHY, ETC. NOTE |
| Bibliography, etc. note |
Includes bibliographical references (p. 251-253). |
| 505 0# - FORMATTED CONTENTS NOTE |
| Formatted contents note |
Asking the right questions -- Irrationality and its consequences -- The power of a little algebra -- Witchcraft -- Odds and ends. |
| 650 #0 - SUBJECT ADDED ENTRY--TOPICAL TERM |
| Topical term or geographic name entry element |
Irrational numbers. |
| 9 (RLIN) |
1825 |
| 650 #6 - SUBJECT ADDED ENTRY--TOPICAL TERM |
| Topical term or geographic name entry element |
Nombres irrationnels. |
| 9 (RLIN) |
1826 |
| 650 17 - SUBJECT ADDED ENTRY--TOPICAL TERM |
| Topical term or geographic name entry element |
Irrationale getallen. |
| Source of heading or term |
gtt |
| 9 (RLIN) |
1827 |
| 650 17 - SUBJECT ADDED ENTRY--TOPICAL TERM |
| Topical term or geographic name entry element |
Wortels (wiskunde) |
| Source of heading or term |
gtt |
| 9 (RLIN) |
1828 |
| 650 17 - SUBJECT ADDED ENTRY--TOPICAL TERM |
| Topical term or geographic name entry element |
Twee (getal) |
| Source of heading or term |
gtt |
| 9 (RLIN) |
1829 |
| 856 41 - ELECTRONIC LOCATION AND ACCESS |
| Materials specified |
Table of contents |
| Uniform Resource Identifier |
<a href="http://www.loc.gov/catdir/toc/fy0804/2005923268.html">http://www.loc.gov/catdir/toc/fy0804/2005923268.html</a> |
| 856 42 - ELECTRONIC LOCATION AND ACCESS |
| Materials specified |
Publisher description |
| Uniform Resource Identifier |
<a href="http://www.loc.gov/catdir/enhancements/fy0913/2005923268-d.html">http://www.loc.gov/catdir/enhancements/fy0913/2005923268-d.html</a> |
| 906 ## - LOCAL DATA ELEMENT F, LDF (RLIN) |
| a |
7 |
| b |
cbc |
| c |
copycat |
| d |
2 |
| e |
ncip |
| f |
20 |
| g |
y-gencatlg |
| 942 ## - ADDED ENTRY ELEMENTS (KOHA) |
| Source of classification or shelving scheme |
|
| Koha item type |
Book |